000
00307nam a2200133Ia 4500
008
231017s9999 xx 000 0 und d
082
_a
620.822
082
_b
LER
245
0
_a
Comprehensive Human Factors Guidelines for Road Systems
245
0
_c
TRB
260
_b
TRB
300
_c
30cm
942
_c
REP
999
_c
603996
_d
603996